[Event "Aktivschach 30 min / Game"]
[Site "?"]
[Date "2011.12.13"]
[Round "2.5"]
[White "Yeno 532 XL"]
[Black "Saitek Kasparov Blitz"]
[Result "1-0"]
[WhiteElo "1754"]
[BlackElo "1782"]
[Annotator "De Man,Paul"]
[PlyCount "153"]
[EventDate "2011.12.02"]
[EventType "tourn"]
[Source "De Man"]

1. e4 c5 2. Nf3 e6 3. d4 cxd4 4. Nxd4 Nf6 5. Nc3 Nc6 6. Ndb5 {end of book} d6 {
end of book} 7. Bg5 a6 8. Bxf6 gxf6 9. Nd4 Nxd4 10. Qxd4 Rg8 11. Qd2 Bd7 12.
Rg1 Bc6 13. Bc4 f5 (13... b5) 14. exf5 Qh4 $5 15. Bb3 $2 (15. Qe2) 15... Qxh2
16. Rf1 $2 (16. fxe6) 16... Qe5+ $1 17. Qe2 Qxf5 18. f3 Bg7 19. Ne4 Qe5 20. Rb1
d5 21. Nf2 Qxe2+ (21... Qg3 $1) 22. Kxe2 Bb5+ 23. Nd3 Bd4 24. g4 O-O-O $6 (
24... h5) 25. Rh1 Rg7 26. a4 Bc6 27. Rh4 Kb8 (27... f5 $5 28. g5 e5 (28... Rxg5
$2 29. Rxd4)) 28. Rbh1 Rh8 29. c3 Bf6 30. Rh6 Bg5 31. R6h5 h6 $2 {I don't
understand that a chess computer of a decent level does not see the following
move.} 32. f4 Be7 33. g5 $1 d4 34. R1h2 dxc3 35. bxc3 Be4 36. Ne5 Rc8 37. gxh6
Rh7 38. Kd2 b6 39. Bc4 $6 (39. Nxf7 $1) 39... Kb7 40. Bd3 f5 $2 (40... Rd8) (
40... Bxd3) 41. Bxe4+ fxe4 42. R2h3 $2 (42. Rg2 $1) 42... Bf8 43. Ng4 Bc5 $2
44. Re5 Rg8 45. Nf6 e3+ 46. Kc2 Rg2+ 47. Kb3 Rh8 48. Rxe6 e2 49. h7 Kc7 50. Rh1
a5 51. Re1 Bf2 52. R1xe2 Kb7 53. Re7+ Ka6 54. Ne4 Rh2 55. Rxf2 R2xh7 56. Rxh7
Rxh7 57. Nd6 Rh6 58. Rd2 Rh4 59. Nc4 $2 Rxf4 60. Rd6 Ka7 61. Nxb6 Rg4 62. Nc4
Rg5 63. Rb6 Rg1 64. Rb5 Rb1+ 65. Ka2 Rf1 66. Nxa5 Ka6 67. Ka3 Rd1 68. Nb3 Ka7
69. Kb4 Rh1 70. Nc5 Rh7 71. Ka5 Rg7 72. Ne6 Rg6 73. Rb6 Rg2 74. Nd4 Ka8 75. Nc6
Rg5+ 76. Rb5 Rxb5+ 77. axb5 {In the 2 games of this tournament between the two
engines, Saitek Kasparov Blitz, had a big winning advantage but get only half
a point in with the 2 games.} 1-0

[Event "Aktivschach 30 min / Game"]
[Site "?"]
[Date "2011.12.14"]
[Round "2.6"]
[White "Saitek Kasparov Blitz"]
[Black "Excalibur Igor"]
[Result "1-0"]
[WhiteElo "1782"]
[BlackElo "1836"]
[Annotator "De Man,Paul"]
[PlyCount "171"]
[EventDate "2011.12.02"]
[EventType "tourn"]
[Source "De Man"]

1. Nf3 d5 2. d4 Nf6 3. c4 dxc4 4. Nc3 {both end of opening book} Nbd7 5. e4 e6
6. Bxc4 Bb4 7. Bg5 h6 8. Bxf6 Qxf6 9. O-O O-O 10. Qb3 Be7 11. Rac1 Nb6 12. Nb5
Qf4 13. Bd3 c6 14. Nc3 Rd8 15. h3 Qd6 16. Rfd1 Bd7 17. Rd2 Rac8 18. Rcc2 c5 19.
dxc5 Rxc5 20. e5 Qc7 21. Nb5 Bxb5 22. Qxb5 Nd7 23. Be4 b6 24. b4 Rxb5 25. Rxc7
Nxe5 26. Rxe7 Nxf3+ 27. gxf3 Kf8 28. Rxf7+ Kxf7 29. Rxd8 Rxb4 30. Rd7+ Kf6 31.
Rxa7 Rd4 32. Kg2 Rd6 33. Kg3 h5 34. f4 Rd4 35. Kf3 Rc4 36. Bd3 Rc3 37. Ke4 g6
38. f3 Rc1 39. Bb5 Rh1 40. Be8 Re1+ 41. Kd4 Rd1+ 42. Kc3 e5 43. fxe5+ Kxe5 44.
Bxg6 Rc1+ 45. Kd3 Rh1 46. Bxh5 Rxh3 47. Re7+ Kd6 48. Rh7 Rh2 49. a3 Rh4 50.
Rh6+ Kc7 51. Ke3 b5 52. Ke2 Rh2+ 53. Kd3 Ra2 54. Kc3 Rxa3+ 55. Kb4 Re3 56. Kxb5
Re5+ 57. Kc4 Ra5 58. Kd4 Ra4+ 59. Kd5 Ra5+ 60. Ke4 Ra4+ 61. Ke5 Ra5+ 62. Kf4
Ra4+ 63. Kf5 Ra5+ 64. Kg4 Rd5 65. f4 Rd2 66. Kf5 Rd5+ 67. Ke4 Rd2 68. Ke5 Rd3
69. f5 Ra3 70. Rh7+ Kc8 71. f6 Ra5+ 72. Ke6 Ra6+ 73. Kf5 Ra5+ 74. Ke4 Ra4+ 75.
Kd5 Ra5+ 76. Kd6 Ra6+ 77. Ke5 Ra5+ 78. Kf4 Ra4+ 79. Kg5 Ra5+ 80. Kg6 Ra6 81.
Kg7 Rc6 82. f7 Rc7 83. Kg8 Rxf7 84. Kxf7 Kd7 85. Rh6 Kc8 86. Ke7 1-0

[Event "Aktivschach 30 min / Game"]
[Site "?"]
[Date "2011.12.14"]
[Round "2.6"]
[White "Mephisto Rebell 5.0"]
[Black "Fidelity Designer 2000"]
[Result "0-1"]
[WhiteElo "1857"]
[BlackElo "1828"]
[Annotator "De Man,Paul"]
[PlyCount "34"]
[EventDate "2011.12.02"]
[EventType "tourn"]
[Source "De Man"]

1. e4 e5 2. Nf3 Nc6 3. Bc4 Bc5 4. Nc3 Nf6 5. d3 d6 6. Bg5 {last book move} Na5
{last book move} 7. Bxf6 gxf6 8. Bd5 $6 {this move brings nothing in my
opinion and helps blacks development} c6 9. Bb3 Nxb3 10. axb3 Rg8 11. O-O Bh3
12. Ne1 Qd7 13. Na4 $4 Bxg2 14. h3 Qxh3 {with mate annonced} 15. Qh5 Bxf1+ 16.
Qg5 Rxg5+ 17. Ng2 Qxg2# {Rebell was the best program of this tournament but
this a painful (and probably the shortest of this tournament!) defeat.} 0-1

[Event "Aktivschach 30 min / Game"]
[Site "?"]
[Date "2011.12.14"]
[Round "2.6"]
[White "Mephisto Mondial II"]
[Black "Krypton Challenge"]
[Result "0-1"]
[WhiteElo "1800"]
[BlackElo "1787"]
[Annotator "De Man,Paul"]
[PlyCount "116"]
[EventDate "2011.12.02"]
[EventType "tourn"]
[Source "De Man"]

1. d4 Nf6 2. c4 e6 3. Nc3 d5 4. Nf3 c6 5. Bg5 h6 6. Bxf6 Qxf6 7. e3 Bd6 8. c5
Bc7 9. Bd3 b6 10. Qa4 bxc5 11. dxc5 Qe7 12. b4 O-O 13. O-O Qf6 14. Rac1 Rd8 15.
b5 Bb7 16. Ne2 Qe7 17. Ned4 Qd7 18. Qc2 e5 19. Bh7+ Kh8 20. bxc6 Bxc6 21. Bf5
Qe7 22. Nxc6 Nxc6 23. Rfd1 Rab8 24. Qa4 Qf6 25. Qg4 Ne7 (25... e4 26. Nd2 g6)
26. Bd7 e4 27. Nd4 Qe5 28. g3 Rb2 29. a3 Qf6 30. f4 exf3 31. Nxf3 Rb3 (31...
Rxd7) 32. Nd4 Rxe3 33. Rf1 Qg6 (33... Qe5) 34. c6 (34. Qxg6) 34... Rxa3 (34...
Qxg4 35. Bxg4 Bb6) 35. Qe2 Bxg3 36. hxg3 (36. Kh1) 36... Qxg3+ 37. Qg2 Qe3+ 38.
Qf2 Qg5+ 39. Kh2 Qh5+ (39... Nxc6) 40. Kg1 Nxc6 41. Nb5 (41. Rxc6 Rxd7) 41...
Ra4 (41... Qg5+) 42. Rxc6 Qg5+ 43. Qg2 Rxd7 44. Qxg5 hxg5 45. Nd6 f6 46. Rd1 d4
47. Ne4 Re7 48. Nc5 Rc4 49. Re6 Rc7 50. Nb3 Rb4 51. Nxd4 Rd7 52. Re4 f5 53. Re5
g6 54. Ra5 g4 55. Rxa7 Rxa7 56. Nc6 Rbb7 57. Nxa7 Rxa7 58. Rd6 Kg7 0-1

[Event "Aktivschach 30 min / Game"]
[Site "?"]
[Date "2011.12.15"]
[Round "2.7"]
[White "Krypton Challenge"]
[Black "Mephisto Rebell 5.0"]
[Result "0-1"]
[WhiteElo "1787"]
[BlackElo "1857"]
[Annotator "De Man,Paul"]
[PlyCount "106"]
[EventDate "2011.12.02"]
[EventType "tourn"]
[Source "De Man"]

1. c4 c5 2. Nf3 Nf6 3. d4 cxd4 4. Nxd4 e5 5. Nb5 d5 6. cxd5 Bb4+ 7. N1c3 Qa5 8.
a3 Qxb5 9. axb4 Qxb4 10. Ra4 Qb6 11. e4 O-O 12. Be2 Bd7 13. Rc4 Na6 14. O-O Qd6
15. Qb3 Nc5 16. Qa3 b6 17. Be3 Rfc8 18. b4 Nb7 19. Rxc8+ Rxc8 20. Ba6 Rc7 21.
Rc1 Nd8 22. Bg5 Kh8 23. Bxf6 Qxf6 24. Nb5 Rxc1+ 25. Qxc1 Bxb5 26. Bxb5 Qd6 27.
Qc3 h5 28. Be2 g6 29. b5 Kg8 30. Qa1 Qe7 31. h3 h4 32. Bd3 f6 33. Be2 Nf7 34.
f3 Nd6 35. Qa4 Kf7 36. Kh2 f5 37. exf5 gxf5 38. Qa1 e4 39. fxe4 fxe4 40. Qh8
Kg6 41. Qh5+ Kg7 42. Kg1 Qf6 43. Kh1 Nf5 44. Qg4+ Kf8 45. Bc4 Qa1+ 46. Kh2 Qe5+
47. Kg1 Nd6 48. Bb3 Qd4+ 49. Kh2 Qf6 50. Qd7 Qe7 51. Qxe7+ Kxe7 52. Bc2 Kf6 53.
Bb3 e3 0-1

[Event "Aktivschach 30 min / Game"]
[Site "?"]
[Date "2011.12.15"]
[Round "2.7"]
[White "Fidelity Designer 2000"]
[Black "Saitek Kasparov Blitz"]
[Result "1-0"]
[WhiteElo "1828"]
[BlackElo "1782"]
[Annotator "De Man,Paul"]
[PlyCount "61"]
[EventDate "2011.12.02"]
[EventType "tourn"]
[Source "De Man"]

1. c4 e6 2. Nf3 d5 3. g3 Nf6 4. Bg2 Be7 5. O-O O-O 6. b3 c5 7. Bb2 {both last
book moves} dxc4 8. bxc4 Nc6 9. Qb3 Bd6 10. Na3 Na5 $6 (10... a6) 11. Qd3 Qb6
$6 (11... a6) 12. Rab1 Qa6 $2 (12... Qd8) 13. Nb5 Rd8 14. Qc2 (14. Ng5 Be7 15.
Qc2 g6 16. Qc3) 14... Bd7 15. Ng5 e5 16. f4 e4 17. Bxf6 gxf6 18. Nxe4 Bb8 19.
Nxc5 Qb6 20. d4 Nc6 21. Nxd7 Rxd7 22. e3 Re7 23. c5 Qd8 24. d5 Na5 25. Qc3 a6
26. Nd4 Rd7 27. Rb6 Bc7 28. Qxa5 Bxb6 29. Qxb6 Qxb6 30. cxb6 Rd6 31. Rb1 1-0

[Event "Aktivschach 30 min / Game"]
[Site "?"]
[Date "2011.12.15"]
[Round "2.7"]
[White "Excalibur Igor"]
[Black "Yeno 532 XL"]
[Result "0-1"]
[WhiteElo "1836"]
[BlackElo "1754"]
[Annotator "De Man,Paul"]
[PlyCount "70"]
[EventDate "2011.12.02"]
[EventType "tourn"]
[Source "De Man"]

1. d4 d5 2. c4 dxc4 {end of book} 3. e4 {end of book} b5 4. a4 Bb7 5. axb5 Bxe4
6. Nc3 Bd5 7. Qa4 e6 8. b6+ Nc6 9. Nxd5 Qxd5 10. bxc7 $2 Bb4+ 11. Bd2 Bxd2+ 12.
Kxd2 Qxd4+ 13. Kc1 Qd7 $6 (13... Nge7) 14. c8=Q+ $2 Rxc8 15. Bxc4 $2 Nf6 $2 (
15... Ne5 16. Qxd7+ Kxd7 17. b3 Nd3+) 16. Nf3 O-O 17. Kb1 e5 18. Rd1 Qf5+ 19.
Bd3 e4 20. Bc2 Qc5 21. Bxe4 $2 Nxe4 22. Qxe4 Qxf2 $2 (22... Nb4 $1) 23. Ng5 g6
24. Ra6 $2 (24. Qf3) 24... Nb4 (24... Rb8) 25. Rad6 Qc5 $1 26. R6d4 Rfe8 27.
Rd5 Nxd5 28. Qxd5 Qxd5 29. Rxd5 Re2 30. Rd7 Rb8 31. Nxf7 Rbxb2+ 32. Kc1 Rec2+
33. Kd1 Rxg2 34. Nh6+ Kf8 35. Kc1 Rbc2+ 0-1